Friends Are Helpers (Record no. 14)

MARC details
000 -LEADER
fixed length control field 00363nam a22001577a 4500
003 - CONTROL NUMBER IDENTIFIER
control field OSt
005 - DATE AND TIME OF LATEST TRANSACTION
control field 20160727222338.0
008 - FIXED-LENGTH DATA ELEMENTS--GENERAL INFORMATION
fixed length control field 160617b xxu||||| |||| 00| 0 eng d
040 ## - CATALOGING SOURCE
Transcribing agency TEST
100 ## - MAIN ENTRY--PERSONAL NAME
9 (RLIN) 14
Personal name Bears, V.G
245 ## - TITLE STATEMENT
Title Friends Are Helpers
260 ## - PUBLICATION, DISTRIBUTION, ETC. (IMPRINT)
Place of publication, distribution, etc. Michigan
Name of publisher, distributor, etc. Edu.Pub
Date of publication, distribution, etc. 1991
300 ## - PHYSICAL DESCRIPTION
Extent Friends Are Helpers
521 ## - TARGET AUDIENCE NOTE
Source Dr. Dennisa
942 ## - ADDED ENTRY ELEMENTS (KOHA)
Source of classification or shelving scheme Dewey Decimal Classification
Koha item type BOOK
Holdings
Withdrawn status Lost status Source of classification or shelving scheme Damaged status Not for loan Home library Current library Shelving location Date acquired Source of acquisition Total Checkouts Full call number Barcode Date last seen Price effective from Koha item type
    Dewey Decimal Classification     Good Samaritan School Library Good Samaritan School Library FICTION 06/17/2016 Dr. Dennisa   80 BEA11 06/17/2016 06/17/2016 BOOK

Powered by Koha